| 000 | 00579nam a22002057a 4500 | ||
|---|---|---|---|
| 005 | 20260515115108.0 | ||
| 008 | 250828b |||||||| |||| 00| 0 eng d | ||
| 020 | _a9789364408172 | ||
| 040 |
_aIN-DiNC _cIN-DiNC |
||
| 041 | _deng | ||
| 082 |
_a657.42 _bCOS |
||
| 245 |
_aCost and management accounting/ _cby SP Jain and others |
||
| 260 |
_aLudhiana: _bKalyani, _c2025. |
||
| 650 | _aCost and management accounting | ||
| 700 |
_aJain, SP _eauthor |
||
| 700 |
_aNarang, KL _eauthor |
||
| 700 |
_aAgrawal, Simmi _eauthor |
||
| 700 |
_aSehgal, Monika _eauthor |
||
| 942 |
_2ddc _cBK |
||
| 999 |
_c12179 _d12179 |
||